So B. It : (Record no. 2636)

MARC details
000 -LEADER
fixed length control field 01043cam a2200313 a 4500
001 - CONTROL NUMBER
control field 2636
003 - CONTROL NUMBER IDENTIFIER
control field FISKH
005 - DATE AND TIME OF LATEST TRANSACTION
control field 20240105162151.0
008 - FIXED-LENGTH DATA ELEMENTS--GENERAL INFORMATION
fixed length control field 030711s2004 nyu j 000 1 eng
010 ## - LIBRARY OF CONGRESS CONTROL NUMBER
LC control number 2003015643
020 ## - INTERNATIONAL STANDARD BOOK NUMBER
International Standard Book Number 0066236223
020 ## - INTERNATIONAL STANDARD BOOK NUMBER
International Standard Book Number 0066236231 (lib. bdg.)
020 ## - INTERNATIONAL STANDARD BOOK NUMBER
International Standard Book Number 9780439793339
040 ## - CATALOGING SOURCE
Original cataloging agency DLC
Transcribing agency DLC
Modifying agency DLC
Language of cataloging eng
042 ## - AUTHENTICATION CODE
Authentication code lcac
050 00 - LIBRARY OF CONGRESS CALL NUMBER
Classification number PZ7.W42235
Item number So 2004
082 00 - DEWEY DECIMAL CLASSIFICATION NUMBER
Classification number [Fic]
Edition number 22
100 1# - MAIN ENTRY--PERSONAL NAME
Personal name Weeks, Sarah.
245 10 - TITLE STATEMENT
Title So B. It :
Remainder of title a novel /
Statement of responsibility, etc. by Sarah Weeks.
250 ## - EDITION STATEMENT
Edition statement First Scholastic paperback printing, September 2006
260 ## - PUBLICATION, DISTRIBUTION, ETC.
Place of publication, distribution, etc. New York :
Name of publisher, distributor, etc. Scholastic,
Date of publication, distribution, etc. 2004
300 ## - PHYSICAL DESCRIPTION
Extent 245 pages :
Dimensions 20 cm
520 ## - SUMMARY, ETC.
Summary, etc. After spending her life with her mentally retarded mother and agoraphobic neighbor, twelve-year-old Heidi sets out from Reno, Nevada, to New York to find out who she is.
650 #1 - SUBJECT ADDED ENTRY--TOPICAL TERM
Topical term or geographic name entry element Identity
Form subdivision Fiction.
650 #1 - SUBJECT ADDED ENTRY--TOPICAL TERM
Topical term or geographic name entry element Mothers and daughters
Form subdivision Fiction.
650 #1 - SUBJECT ADDED ENTRY--TOPICAL TERM
Topical term or geographic name entry element Mental illness
Form subdivision Fiction.
906 ## - LOCAL DATA ELEMENT F, LDF (RLIN)
a 7
b cbc
c orignew
d 1
e ecip
f 20
g y-gencatlg
942 ## - ADDED ENTRY ELEMENTS (KOHA)
Source of classification or shelving scheme Dewey Decimal Classification
Koha item type Books
Suppress in OPAC No
Holdings
Withdrawn status Lost status Source of classification or shelving scheme Damaged status Not for loan Collection Home library Current library Shelving location Date acquired Total Checkouts Full call number Barcode Date last seen Price effective from Koha item type
    Dewey Decimal Classification     Fiction Footprints International School Library Network Toul Kork Campus Footprints International School Library Network Toul Kork Campus   01/05/2024   WEE Fic PZ7.W42235 FISSE00548 01/05/2024 01/05/2024 Books